Trends in ring theory : proceedings of a conference at Miskolc, Hungary, July 15-20, 1996 /
Guardado en:
| Autor Corporativo: | |
|---|---|
| Otros Autores: | , |
| Formato: | Libro |
| Idioma: | English |
| Publicado: |
Providence, R.I. :
published by the American Mathematical Society for the Canadian Mathematical Society,
c1998.
|
| Series: | Conference proceedings (Canadian Mathematical Society) ;
v. 22. |
| Materias: | |
| Etiquetas: |
Agregar Etiqueta
Sin Etiquetas, Sea el primero en etiquetar este registro!
|
| LEADER | 02250pam a2200277 a 4500 | ||
|---|---|---|---|
| 001 | MAT.inmabb003592 | ||
| 008 | 970723s1998####riua#####b####100#0#eng## | ||
| 005 | 20130301125738.0 | ||
| 245 | 0 | 0 | |a Trends in ring theory : |b proceedings of a conference at Miskolc, Hungary, July 15-20, 1996 / |c Vlastimil Dlab, László Márki, editors. |
| 260 | |a Providence, R.I. : |b published by the American Mathematical Society for the Canadian Mathematical Society, |c c1998. | ||
| 300 | |a xxxv, 239 p. : |b il. ; |c 26 cm. | ||
| 490 | 1 | |a Conference proceedings / Canadian Mathematical Society, |x 0731-1036 ; |v v. 22 | |
| 500 | |a "[Papers presented at] the Ring Theory Conference which took place at the University of Miskolc during July 15-20, 1996"--Preface. | ||
| 504 | |a Incluye referencias bibliográficas. | ||
| 505 | 0 | |a Vladimir V. Bavula, Filter dimension and its application -- Vesselin Drensky, Automorphisms of polynomial, free and generic matrix algebras -- Peter Gabriel, Matrix problems and representation-theory -- K. R. Goodearl and E. S. Letzter, Prime and primitive spectra of multiparameter quantum affine spaces -- Alexander Kemer, PI-algebras and nil algebras of bounded index -- Helmut Lenzing, Representations of finite-dimensional algebras and singularity theory -- Zbigniew S. Marciniak and Sudarshan K. Sehgal, Zassenhaus conjectures for infinite groups -- Jan Okni 'nski, Graded rings -- -an approach via semigroups of matrices -- Donald S. Passman, Semiprimitivity of group algebras: past results and recent progress -- Amitai Regev, Asymptotics of codimensions of some P.I. algebras -- Klaus W. Roggenkamp, Problems on group rings -- Andrzej Skowro 'nski, Tame module categories of finite-dimensional algebras -- Aleksandr E. Zalesskii, Direct limits of finite-dimensional algebras and finite groups. | |
| 510 | 4 | |a MR, |c 98h:16003 | |
| 020 | |a 0821808494 | ||
| 700 | 1 | |a Dlab, Vlastimil. |4 edt | |
| 700 | 1 | |a Márki, L. |q (László) |4 edt | |
| 711 | 2 | |a Ring Theory Conference |d (1996 : |c Miskolc, Hungría) | |
| 830 | 0 | |a Conference proceedings (Canadian Mathematical Society) ; |v v. 22. | |
| 650 | 0 | |a Rings (Algebra) |x Congresses. | |
| 084 | |a 16-06 |2 msc2000 | ||
| 010 | |a 97030267 | ||
| 040 | |a DLC |c DLC |d DLC | ||
| 859 | |h 16 |i T794 |p A-7599 |b BIB. MATEMATICA | ||
